[Event "Villa Ballester op"]
[Site "Villa Ballester"]
[Date "2024.08.09"]
[Round "5"]
[White "Laurel, Ezequiel"]
[Black "Asad, Jonathan"]
[Result "1-0"]
[WhiteElo "1746"]
[BlackElo "1868"]
[PlyCount "117"]
[EventDate "2024.08.02"]
[EventType "swiss"]
[EventRounds "7"]
[EventCountry "ARG"]
[SourceTitle "EXT 2025"]
[Source "ChessBase"]
[SourceDate "2024.10.14"]
[SourceVersion "1"]
[SourceVersionDate "2024.10.14"]
[SourceQuality "1"]

1. d4 Nf6 2. Nf3 e6 3. c4 d5 4. g3 Bb4+ 5. Bd2 Bxd2+ 6. Nbxd2 0-0 7. Bg2 Nbd7 8. 0-0 Re8 9. Ne5 c6 10. Ndf3 Nxe5 11. Nxe5 Nd7 12. Nf3 dxc4 13. Qc2 Nb6 14. Rfd1 Qf6 15. Ne5 Rd8 16. e3 h5 17. a4 h4 18. a5 Nd5 19. Nxc4 hxg3 20. hxg3 Bd7 21. e4 Ne7 22. e5 Qg5 23. Nd6 Rab8 24. Ne4 Qg6 25. Qc5 Nd5 26. Qxa7 f5 27. exf6 gxf6 28. Nc5 Qf7 29. Nxb7 Be8 30. a6 Qe7 31. Rac1 Ra8 32. Qc5 Qxc5 33. Nxc5 Kf7 34. Ra1 Ra7 35. Bf3 Nc7 36. Bh5+ Ke7 37. Bxe8 Rxe8 38. Kg2 Rg8 39. Ra3 Rh8 40. Rdd3 Kd6 41. Rf3 Rh6 42. Ra5 Nb5 43. Ne4+ Ke7 44. Rd3 f5 45. Ng5 Kf6 46. Nf3 Ke7 47. Rb3 Kd6 48. Ne5 Rhh7 49. Nxc6 Kxc6 50. Rbxb5 Rhd7 51. Rb4 Rd5 52. Ra2 Rb5 53. Rc4+ Kd5 54. Rc5+ Rxc5 55. dxc5 Kxc5 56. Kf3 Kb5 57. Kf4 Rxa6 58. Rxa6 Kxa6 59. Ke5 1-0

[Event "ARG-ch sf 98th"]
[Site "Buenos Aires"]
[Date "2023.05.03"]
[Round "5"]
[White "Toller, Bautista"]
[Black "Asad, Jonathan"]
[Result "0-1"]
[WhiteElo "1481"]
[BlackElo "1844"]
[PlyCount "98"]
[EventDate "2023.04.29"]
[EventType "swiss"]
[EventRounds "9"]
[EventCountry "ARG"]
[SourceTitle "CBM 214 Extra"]
[Source "ChessBase"]
[SourceDate "2023.07.31"]
[SourceVersion "1"]
[SourceVersionDate "2023.07.31"]
[SourceQuality "1"]

1. e4 e6 2. d4 d5 3. exd5 exd5 4. Nf3 Nf6 5. Bd3 Bd6 6. Qe2+ Qe7 7. Qxe7+ Bxe7 8. Bf4 c6 9. h3 0-0 10. Nbd2 Nbd7 11. c3 b5 12. 0-0 Re8 13. Rfe1 Bb7 14. b4 a5 15. a3 a4 16. Rac1 Bf8 17. Rcd1 Rxe1+ 18. Rxe1 Re8 19. Rxe8 Nxe8 20. g4 Bd6 21. Bxd6 Nxd6 22. Kf1 f6 23. Nh4 g6 24. f4 Nb6 25. Kf2 Bc8 26. Ke3 Kg7 27. Nhf3 h5 28. Nh2 hxg4 29. hxg4 Nf7 30. f5 gxf5 31. gxf5 Ng5 32. Kf4 Nh3+ 33. Kg3 Ng5 34. Kf4 Bd7 35. Nhf3 Nf7 36. Nh4 Nd6 37. Kg4 Be8 38. Ng2 Nf7 39. Nf3 Nh6+ 40. Kf4 Bh5 41. Ngh4 Bxf3 42. Kxf3 Nf7 43. Ng6 Nd6 44. Ne7 Ndc4 45. Nxc6 Nxa3 46. Na7 Nac4 47. Nxb5 a3 48. Bxc4 Nxc4 49. Nxa3 Nxa3 0-1

[Event "Daireaux IRT 3rd"]
[Site "Daireaux"]
[Date "2019.07.07"]
[Round "4.5"]
[White "Asad, Jonathan"]
[Black "Rodriguez Lezcano, Matias"]
[Result "1-0"]
[WhiteElo "1831"]
[BlackElo "2066"]
[PlyCount "47"]
[EventDate "2019.07.06"]
[EventType "swiss"]
[EventRounds "7"]
[EventCountry "ARG"]
[SourceTitle "EXT 2024"]
[Source "ChessBase"]
[SourceDate "2023.10.10"]
[SourceVersion "1"]
[SourceVersionDate "2023.10.10"]
[SourceQuality "1"]

1. e4 c5 2. Nf3 g6 3. d4 cxd4 4. Nxd4 Nc6 5. Nc3 Bg7 6. Be3 Nf6 7. f3 0-0 8. Qd2 d5 9. 0-0-0 dxe4 10. Nxe4 Nxe4 11. fxe4 Bg4 12. Nxc6 Qxd2+ 13. Rxd2 bxc6 14. Bc4 Rab8 15. c3 Rb7 16. h3 Be6 17. Bxe6 fxe6 18. Rhd1 a5 19. Rd7 Rfb8 20. Rxb7 Rxb7 21. Rd8+ Kf7 22. Rc8 Kf6 23. Rxc6 Ke5 24. Bd4+ 1-0

[Event "San Juan Semana U2200 2nd"]
[Site "San Juan"]
[Date "2018.11.03"]
[Round "2.3"]
[White "Asad, Jonathan"]
[Black "Chazarreta, Iago"]
[Result "1/2-1/2"]
[WhiteElo "1822"]
[BlackElo "1601"]
[PlyCount "112"]
[EventDate "2018.11.02"]
[EventType "swiss"]
[EventRounds "6"]
[EventCountry "ARG"]
[SourceTitle "EXT 2024"]
[Source "ChessBase"]
[SourceDate "2023.10.10"]
[SourceVersion "1"]
[SourceVersionDate "2023.10.10"]
[SourceQuality "1"]

1. e4 c5 2. Nf3 Nc6 3. d4 cxd4 4. Nxd4 g6 5. Nxc6 bxc6 6. Qd4 Nf6 7. e5 Nd5 8. e6 f6 9. exd7+ Qxd7 10. Be2 Bg7 11. 0-0 0-0 12. Rd1 Rd8 13. Qh4 Qc7 14. Bh6 Be6 15. Bxg7 Kxg7 16. Na3 Rd7 17. c4 Nf4 18. Bf3 Rad8 19. Rxd7 Rxd7 20. Re1 Rd2 21. Nb1 Rxb2 22. Nc3 Rc2 23. Nd1 Rxc4 24. Qg3 Qd6 25. Ne3 Rc3 26. Rd1 Nd5 27. Qh4 Qf4 28. Nxd5 Qxh4 29. Nxc3 Qb4 30. Ne2 c5 31. g3 Kf7 32. Rd8 Qe1+ 33. Kg2 Bc4 34. Ng1 Qf1+ 35. Kh1 Qxf2 36. a4 Qa2 37. Bc6 Be6 38. Nh3 Bxh3 39. Bd5+ Be6 40. Bxa2 Bxa2 41. Kg1 Ke6 42. Kf2 c4 43. Ke3 Bb3 44. a5 c3 45. Ra8 Kd5 46. Rxa7 e5 47. Rxh7 Bc4 48. Rc7 f5 49. Rxc4 Kxc4 50. a6 Kb3 51. a7 c2 52. a8Q c1Q+ 53. Kf2 Qd2+ 54. Kg1 Qd1+ 55. Kf2 Qd2+ 56. Kg1 Qe1+ 1/2-1/2

[Event "Buenos Aires U2200 op"]
[Site "Buenos Aires"]
[Date "2018.08.04"]
[Round "3.4"]
[White "Asad, Jonathan"]
[Black "Martin, Gonzalo"]
[Result "1-0"]
[WhiteElo "1797"]
[BlackElo "1659"]
[PlyCount "61"]
[EventDate "2018.08.03"]
[EventType "swiss"]
[EventRounds "6"]
[EventCountry "ARG"]
[SourceTitle "EXT 2024"]
[Source "ChessBase"]
[SourceDate "2023.10.10"]
[SourceVersion "1"]
[SourceVersionDate "2023.10.10"]
[SourceQuality "1"]

1. e4 e5 2. Nf3 Nc6 3. Bb5 d6 4. h3 Bd7 5. 0-0 Nf6 6. Nc3 a6 7. Bxc6 Bxc6 8. Re1 Be7 9. d4 exd4 10. Nxd4 Qd7 11. Nxc6 Qxc6 12. e5 Nd7 13. exd6 cxd6 14. Nd5 Ne5 15. Nxe7 Kxe7 16. f4 f6 17. fxe5 dxe5 18. Be3 Rad8 19. Qe2 Rc8 20. c3 b6 21. Rad1 a5 22. Qg4 g6 23. Rd3 a4 24. Qe2 g5 25. Bxg5 Rcg8 26. Qxe5+ Kf7 27. Qe7+ Kg6 28. Rd6 Qc5+ 29. Be3 Qf5 30. Rf1 Re8 31. Rxf6+ 1-0

[Event "Moron Faogba op"]
[Site "Moron"]
[Date "2018.03.10"]
[Round "4"]
[White "Sanchez, Belen"]
[Black "Asad, Jonathan"]
[Result "0-1"]
[WhiteElo "1333"]
[BlackElo "1796"]
[PlyCount "56"]
[EventDate "2018.03.03"]
[EventType "swiss"]
[EventRounds "7"]
[EventCountry "ARG"]
[SourceTitle "CBM 183 Extra"]
[Source "ChessBase"]
[SourceDate "2018.04.19"]
[SourceVersion "1"]
[SourceVersionDate "2018.04.19"]
[SourceQuality "1"]

1. e4 c5 2. Nf3 Nc6 3. d4 cxd4 4. Nxd4 e5 5. Nb5 a6 6. Nd6+ Bxd6 7. Qxd6 Qf6 8. Qxf6 Nxf6 9. Nc3 Nb4 10. Bd3 d5 11. exd5 Nfxd5 12. Nxd5 Nxd5 13. Bd2 0-0 14. 0-0-0 Be6 15. Kb1 Rac8 16. Rhe1 f6 17. f4 Bg4 18. Rc1 Nxf4 19. Be4 Rc7 20. Bxf4 exf4 21. Bd5+ Kh8 22. Re4 g5 23. h4 Bf5 24. Rb4 b5 25. Bb3 Rd8 26. Re1 Rb7 27. Rf1 Rd2 28. a3 Rxg2 0-1

[Event "Philidor CC op 14th"]
[Site "Moron"]
[Date "2017.07.29"]
[Round "7"]
[White "Asad, Jonathan"]
[Black "Oyarzu, Eduardo"]
[Result "0-1"]
[WhiteElo "1789"]
[BlackElo "1856"]
[PlyCount "88"]
[EventDate "2017.07.18"]
[EventType "swiss"]
[EventRounds "7"]
[EventCountry "ARG"]
[SourceTitle "EXT 2019"]
[Source "ChessBase"]
[SourceDate "2018.10.10"]
[SourceVersion "1"]
[SourceVersionDate "2018.10.10"]
[SourceQuality "1"]

1. e4 c6 2. d4 d5 3. Nc3 dxe4 4. Nxe4 Bf5 5. Ng3 Bg6 6. h4 h6 7. h5 Bh7 8. f4 e6 9. Bd3 Qxd4 10. Nf3 Qd6 11. Be3 Bxd3 12. cxd3 Qb4+ 13. Bd2 Qb6 14. Qe2 Bb4 15. f5 Bxd2+ 16. Nxd2 Qc7 17. Nde4 e5 18. Qg4 Kf8 19. f6 Nxf6 20. Nxf6 gxf6 21. Nf5 Rg8 22. Qb4+ c5 23. Qc3 Rg5 24. Ne3 Qd6 25. Rh4 Nc6 26. 0-0-0 Nd4 27. Kb1 Rd8 28. Nc4 Qd5 29. Ne3 Qc6 30. Qe1 f5 31. Qf2 Qe6 32. g3 Rd6 33. Nc4 Ra6 34. Re1 f6 35. b3 Qf7 36. Qg2 Kg7 37. g4 Qd7 38. Nd2 Qc6 39. Qf2 b5 40. gxf5 Nxf5 41. Rh2 Qd5 42. Qf1 Ng3 43. Qf2 Qxd3+ 44. Kc1 Rxa2 0-1

[Event "Moron Philidor CC 13th"]
[Site "Moron"]
[Date "2017.05.11"]
[Round "2.10"]
[White "Asad, Jonathan"]
[Black "Ostoich, Mariano Ivan"]
[Result "0-1"]
[WhiteElo "1802"]
[BlackElo "2040"]
[PlyCount "58"]
[EventDate "2017.05.09"]
[EventType "swiss"]
[EventRounds "7"]
[EventCountry "ARG"]
[SourceTitle "EXT 2024"]
[Source "ChessBase"]
[SourceDate "2023.10.10"]
[SourceVersion "1"]
[SourceVersionDate "2023.10.10"]
[SourceQuality "1"]

1. e4 c5 2. Nf3 Nc6 3. d4 cxd4 4. Nxd4 g6 5. Nc3 Bg7 6. Be3 Nf6 7. f3 0-0 8. Qd2 d5 9. exd5 Nxd5 10. Nxc6 bxc6 11. Nxd5 cxd5 12. c3 e5 13. Rd1 Be6 14. Bc5 Re8 15. Bb5 Re7 16. Bxe7 Qxe7 17. Qf2 d4 18. cxd4 Qb4+ 19. Qd2 Qxb5 20. d5 Rd8 21. d6 Bf8 22. Qg5 Rxd6 23. Rxd6 Bxd6 24. Qd8+ Bf8 25. b3 Kg7 26. Kf2 Bc5+ 27. Kg3 Qe2 28. h3 Qf2+ 29. Kh2 Be3 0-1

[Event "Buenos Aires Coronel Suarez U2200 2nd"]
[Site "Buenos Aires"]
[Date "2017.04.29"]
[Round "2.5"]
[White "Lujan, Nelson"]
[Black "Asad, Jonathan"]
[Result "1-0"]
[WhiteElo "2012"]
[BlackElo "1787"]
[PlyCount "93"]
[EventDate "2017.04.29"]
[EventType "swiss"]
[EventRounds "7"]
[EventCountry "ARG"]
[SourceTitle "EXT 2024"]
[Source "ChessBase"]
[SourceDate "2023.10.10"]
[SourceVersion "1"]
[SourceVersionDate "2023.10.10"]
[SourceQuality "1"]

1. d4 d5 2. Nf3 Nf6 3. Bf4 e6 4. e3 h6 5. h3 b6 6. Bd3 Bd6 7. Ne5 Bxe5 8. Bxe5 Nc6 9. Bh2 Nb4 10. Bb5+ Bd7 11. Be2 0-0 12. c3 Nc6 13. Nd2 Re8 14. 0-0 e5 15. dxe5 Nxe5 16. Nf3 Nxf3+ 17. Bxf3 Bf5 18. c4 c6 19. Rc1 Rc8 20. cxd5 cxd5 21. Qa4 Qd7 22. Qxd7 Bxd7 23. g4 Rxc1 24. Rxc1 Rc8 25. Rxc8+ Bxc8 26. Bb8 a6 27. Ba7 b5 28. Bd4 Ne4 29. Bg2 Bb7 30. Kf1 Kf8 31. Ke2 f6 32. f3 Ng5 33. Kd3 Ke7 34. Kc3 Kd6 35. Kb4 Ne6 36. Ka5 Kc6 37. h4 Bc8 38. Bf1 Nc7 39. Be2 Kb7 40. a4 Bd7 41. Bb6 Na8 42. Bc5 Kc6 43. Bf8 bxa4 44. Bxg7 Kc5 45. Bxf6 Bb5 46. Bxb5 axb5 47. g5 1-0

[Event "Villa Gesell Playas U2200 op"]
[Site "Villa Gesell"]
[Date "2014.08.18"]
[Round "6.2"]
[White "Loiterstein, Mariano"]
[Black "Asad, Jonathan"]
[Result "1-0"]
[WhiteElo "2179"]
[BlackElo "1785"]
[PlyCount "89"]
[EventDate "2014.08.16"]
[EventType "swiss"]
[EventRounds "7"]
[EventCountry "ARG"]
[SourceTitle "EXT 2024"]
[Source "ChessBase"]
[SourceDate "2023.10.10"]
[SourceVersion "1"]
[SourceVersionDate "2023.10.10"]
[SourceQuality "1"]

1. d4 Nf6 2. c4 g6 3. Nc3 Bg7 4. e4 d6 5. Nf3 0-0 6. Be2 Nbd7 7. 0-0 e5 8. Rb1 a6 9. b4 Qe7 10. d5 Rd8 11. Ne1 Ne8 12. Nd3 b6 13. Be3 f5 14. f3 f4 15. Bf2 g5 16. c5 bxc5 17. bxc5 Nxc5 18. Nxc5 dxc5 19. Na4 h5 20. Nxc5 Nf6 21. Qb3 Kh8 22. Ne6 Bxe6 23. dxe6 g4 24. Qc4 Bf8 25. Rfc1 gxf3 26. gxf3 Qg7+ 27. Kh1 Bd6 28. Rg1 Qe7 29. Bh4 Rg8 30. Rg5 Rxg5 31. Bxg5 Rg8 32. h4 Qf8 33. e7 Qxe7 34. Rg1 Rg7 35. Qxa6 Qf8 36. Kh2 Nh7 37. Bh6 Rg2+ 38. Rxg2 Qxh6 39. Bc4 Nf6 40. Qc8+ Bf8 41. Qe6 Bg7 42. Qf7 Kh7 43. Be6 Kh8 44. Rg6 Qh7 45. Rxf6 1-0

[Event "ARG-ch 85th"]
[Site "Buenos Aires"]
[Date "2010.07.16"]
[Round "11"]
[White "Asad, Jonathan"]
[Black "Sanchez, Christian"]
[Result "0-1"]
[WhiteElo "1702"]
[BlackElo "2028"]
[PlyCount "106"]
[EventDate "2010.07.05"]
[EventType "swiss"]
[EventRounds "11"]
[EventCountry "ARG"]
[SourceTitle "CBM 137 Extra"]
[Source "ChessBase"]
[SourceDate "2010.09.01"]
[SourceVersion "1"]
[SourceVersionDate "2010.09.01"]
[SourceQuality "1"]

1. e4 e6 2. d4 d5 3. Nc3 Bb4 4. exd5 exd5 5. Nf3 Ne7 6. a3 Bxc3+ 7. bxc3 0-0 8. Bd3 Bf5 9. 0-0 Nbc6 10. Bg5 Qd6 11. Re1 Bxd3 12. Qxd3 Ng6 13. Rab1 h6 14. Bc1 b6 15. c4 Rae8 16. cxd5 Rxe1+ 17. Nxe1 Qxd5 18. Nf3 Re8 19. c4 Qe4 20. Qxe4 Rxe4 21. Be3 Na5 22. Nd2 Re8 23. Rb5 Rd8 24. Kf1 Ne7 25. Ke2 Nec6 26. d5 a6 27. Rb1 Ne5 28. Rc1 f6 29. Bf4 Re8 30. Bxe5 Rxe5+ 31. Kd3 Nb7 32. Nb3 a5 33. a4 Kf7 34. f3 Ke8 35. Kd2 Kd7 36. Re1 Kd6 37. Rxe5 Kxe5 38. Ke3 g5 39. g3 Kd6 40. Kd4 f5 41. g4 Nc5 42. Nxc5 bxc5+ 43. Ke3 Ke5 44. h3 Kf6 45. f4 Kg6 46. Kf3 Kf6 47. Kg3 Kg6 48. h4 gxh4+ 49. Kxh4 fxg4 50. Kxg4 Kf6 51. Kh5 Kf5 52. Kxh6 Kxf4 53. Kg6 Ke5 0-1